Normal view
MARC view
- Nakamura, M.
Entry Personal Name
001 - CONTROL NUMBER
- control field: 84685
003 - CONTROL NUMBER IDENTIFIER
- control field: NUST
005 - DATE AND TIME OF LATEST TRANSACTION
- control field: 20211119161123.0
008 - FIXED-LENGTH DATA ELEMENTS
- fixed length control field: 211119|| aca||aabn | a|a d
040 ## - CATALOGING SOURCE
- Original cataloging agency: NUST
- Transcribing agency: NUST
100 ## - HEADING--PERSONAL NAME
- Personal name: Nakamura, M.
- Fuller form of name: (Masatoshi),
- Dates associated with a name: 1943-
670 ## - SOURCE DATA FOUND
- Source citation: Work cat.: (NUST)31936: Nakamura, M. (Masatoshi), 1943-, Mechatronic Servo System Control :, c2004.
